[Event "Match 72__120'/40"]
[Site "Zurich"]
[Date "2022.??.??"]
[Round "19"]
[White "CXG Sphinx Legend"]
[Black "Mephisto MM II"]
[Result "0-1"]
[WhiteElo "1816"]
[BlackElo "1815"]
[Annotator "KUT"]
[PlyCount "187"]
[EventDate "2022.??.??"]

{[%evp 0,187,19,38,25,18,34,14,21,22,29,-4,39,38,-4,11,5,-45,-2,-2,-2,-8,-8,-7,4,13,40,0,17,-25,0,-41,49,89,59,40,50,40,41,61,54,16,4,25,64,58,4,43,36,35,43,64,64,47,31,31,27,10,9,19,49,37,47,45,68,63,63,60,59,50,63,81,74,77,110,116,132,76,72,60,68,61,49,57,61,40,43,42,56,48,62,55,59,64,65,62,65,35,65,62,65,65,65,65,88,72,92,51,59,52,52,79,80,98,106,19,46,0,0,0,0,-24,0,-3,0,0,0,9,0,-44,29,27,27,13,23,13,16,8,11,6,42,33,42,0,0,0,0,0,0,-2,-1,-2,-1,-9,-1,-2,-1,-1,-1,-1,-1,-1,-1,-1,-1,-1,-1,-1,87,-17,0,-33,56,-130,-116,-510,-537,-547,-461,-881,-1334,-1403,-1466,-1992,-1360,-1360,-29284,-29987,-29988,-29989]} 1. e4 e5 {Match 120'/40+60'/20+30' | Bediener: Rolf Bühler | 19. Partie: Schwarz (MM II) gewinnt | Zwischenstand: 10,5-8,5 (55,3%) für Mephisto MM II | Im Vierspringerspiel, Rubinstein-Variante mit 4...Sd4, gelangt Weiss (CXG) frühzeitig etwas unter Druck. Und mit dem sinnlosen 15.a4? gerät er in eine verlorene Stellung, die der Gegner indessen nicht ausnützt. Das dann etwa ausgeglichene Mittelspiel wird durch eifrigen Figurentausch bald ins Endspiel überführt. Hier patzt nun Schwarz (MM II), aber auch Weiss vermag den möglichen Gewinn nicht zu finden. Schliesslich landen die beiden Kontrahenten in einem für Weiss klar vorteilhaften Turmendspiel, das sich nach einem schwarzen Fehler zum Gewinn für Weiss dreht. Doch vergibt die CXG Sphinx Legend auch diese Chance und behandelt dann das ausgeglichene Rennen der Freibauern so unglücklich, dass innert zwei Zügen aus der Gewinn- eine Verluststellungam entsteht und der Sieger Mephisto MM II heisst.} 2. Nc3 Nf6 3. Nf3 Nc6 4. Bb5 Nd4 5. Bc4 Bc5 6. Nxe5 Qe7 7. Nf3 d5 8. Nxd5 Qxe4+ 9. Ne3 {***ENDE BUCH***} Bg4 10. Be2 Nxe2 11. Qxe2 O-O-O 12. d3 Qe6 {***ENDE BUCH***} 13. O-O {Nicht die beste Fortsetzung, weil nun Schwarz leichten Vorteil erhält.} (13. Nxg4 Qxe2+ 14. Kxe2 Nxg4 15. Be3 $11) (13. Ng5 Qc6 14. Nxg4 Qxg2 15. Nxf6 Qxh1+ 16. Qf1 $11) 13... Rhe8 14. h3 Bh5 15. a4 $2 {[%mdl 32768] Weiss sieht keine Gefahren und rückt am Damenflügel vor, wo der gegnerische König steht. Ein Zug indessen ohne Kraft, aber vor allem eine Fortsetzung, die bereits zum Partieverlust führen sollte.} Qf5 $2 {Dass Schwarz den Gewinn nicht findet, ist keine Überraschung, da zu tief für das Programm von Ulf Rathsman. Dass er jedoch einen Zug wählt, der gar dem Gegner zugute kommt, ist schade.} (15... Nd5 16. Re1 (16. Qd1 Nf4 17. Kh1 (17. Kh2 Bd6 $19) 17... Nxh3 {und gewinnt}) 16... Nf4 17. Qd1 Qg6 18. Ng4 Nxh3+ 19. gxh3 Bxg4 20. hxg4 Qxg4+ 21. Kf1 Qh3+ 22. Kg1 Qg3+ 23. Kh1 Rxe1+ 24. Qxe1 Qxf3+ {und gewinnt}) 16. Nxf5 Rxe2 17. Nd2 Bg6 18. Ng3 Re6 {Besser ginge der Turm nach e8 zurück.} 19. Nb3 Bd6 20. f4 ({Nach} 20. Nd4 {mit Tempogewinn ist klar, weshalb 18...Te8 den Vorzug verdient hätte.} Ree8 21. Ndf5 Bf8 22. Bg5 $16 {und Weiss steht besser.}) 20... Ree8 21. Bd2 Nd7 22. f5 {Die damit verbundenen Verwicklungen, bringen nichts ein. Mit 22.Tae1 war noch geringer Vorteil zu haben.} (22. Rae1 f6 23. Kf2 $14) 22... Bxg3 23. fxg6 fxg6 24. Rf7 Be5 25. Bc3 Bxc3 26. bxc3 Rg8 27. Re1 Nf6 28. c4 {Da 28.Tee7 mit ...Sd5 beantwortet werden kann, wird dem Springer zuerst das Feld d5 genommen.} Rd7 29. Rfe7 Kd8 30. R7e5 Rf7 31. Nc5 {Weiss steht etwas besser und hier hätte der Springer auf d4 wirkungsvoller platziert werden können.} b6 32. Ne6+ Kc8 33. Ng5 Rd7 34. c5 Rd4 35. cxb6 axb6 36. a5 bxa5 37. Rxa5 {In den letzten Zügen hat Weiss doch Fortschritte machen können und steht günstiger denn je. Vorab droht Tb8+ Kd7, Txg8 Sxg8, Sxh7 mit Bauerngewinn.} Rb4 $2 {[%mdl 32768] Schwarz trifft - anstelle von 37...Kd7 - die falsche Wahl und sollte nun eigentlich verlieren.} 38. Ra8+ $6 {Nun ist es Weiss, der die günstige Gelegenheit verstreichen lässt.} ({Nach} 38. Re7 $1 {gäbe es wohl keine genügende Verteidigung mehr für Schwarz. Vor allem droht Se6.} Rb1+ (38... Kd8 39. Rf7 Kc8 40. Ne6 $18) 39. Kh2 Rb2 40. Rc5 Nd7 41. Rc4 Kd8 42. Re3 Kc8 43. Nxh7 $18 {und die schwarze Stellung ist kaputt, obwohl das bei unseren Oldies im Sinne der Realisierung des Vorteils noch nicht gegessen wäre.}) 38... Rb8 39. Rxb8+ Kxb8 40. Kf2 Kb7 41. Ne6 Nd7 {Weniger genau als 41...Kc8 gefolgt von 42...Kd7, was den König zentralisiert.} (41... Kc8 42. c4 Kd7 43. Nc5+ Kc6 44. d4 Rd8 45. Re6+ Rd6 46. Ke3 Rxe6+ 47. Nxe6 Kd6 48. Ng5 $14) 42. Ke3 Kc6 43. Kd2 Nc5 44. Nxc5 Kxc5 {[#]Es ist ein Turmendspiel entstanden, das für Weiss ausgesprochen günstig steht. Er hat den aktiveren Turm, eine verwertbare Bauernmehrheit, was Schwarz mit seinem Doppelbauern nicht hat. Kurzum, die Gewinnchancen liegen nur auf einer Seite. Aber wie immer: dieses Endspiel ist zu schwierig für die beiden Kontrahenten und es bringt nichts, im Detail auf die Unzulänglichkeiten hinzuweisen.} 45. Re7 Kd6 46. Rf7 c5 47. h4 {Aus grundsätzlichen Überlegungen wäre ein Plan mit 47.Kc3 mit Spiel am Damenflügel angemessen, um die schwarzen Kräfte völlig zu binden. Erst später kann die Rückkehr des weissen Königs an den anderen Flügel folgen in einem Moment, wo Schwarz sich schon langsam im Zugzwang befindet. Und für Schwarz ist es extrem wichtig, dass er dauernd Ausschau danach hält, ob er seinen Turm aktiv ins Spiel bringen kann.} (47. Kc3 Ke6 48. Ra7 Kd5 49. h4 h5 50. Kd2 Ke5 51. Ra5 Rc8 52. Ke3 {usw.}) 47... Ke6 48. Rb7 Ke5 $2 (48... Ra8 $1 49. Rxg7 Ra4 50. Rxh7 Rg4 51. h5 (51. c4 Rxg2+ 52. Kc3 g5 $11) 51... gxh5 52. Rxh5 Rxg2+ $11) 49. Rc7 Kd5 50. Rd7+ Kc6 51. Rf7 h6 (51... Ra8 $1 52. Rxg7 Ra4 53. Rxh7 Rg4 $11) 52. c3 Kd5 53. Ke3 Ke6 54. Ra7 Kf5 $2 {Das darf sich Schwarz nicht erlauben.} (54... Re8 $1) 55. Rc7 Kg4 56. Rxc5 Kxh4 $18 {Dieses Endspiel ist gewonnen für Weiss. Gegen die Macht der beiden verbundenen Freibauern ist kein Kraut gewachsen.} 57. Rc6 g5 58. Rb6 Re8+ 59. Kf2 Rf8+ 60. Kg1 Kg3 61. Re6 Rb8 62. Re3+ Kf4 63. Kf2 Rb2+ 64. Re2 Rb1 65. Re4+ Kf5 66. g4+ Kf6 67. c4 g6 68. c5 Rc1 69. d4 h5 70. Ke2 Rc3 71. Kd2 Rc4 72. gxh5 gxh5 73. Kd3 Rc1 74. Re2 h4 75. Kd2 Rc4 76. Rf2+ Ke6 77. Kd3 Rc1 78. Re2+ Kf6 79. Kd2 Rc4 80. Rf2+ Ke7 81. Kd3 Rc1 82. Re2+ Kf7 83. Kd2 Rf1 $2 (83... Rc4 $11) 84. Kd3 $2 {[%mdl 32768] Verpasst einen Gewinn.} (84. c6 Ra1 85. c7 Ra8 86. d5 h3 87. d6 h2 88. Rxh2 Ke6 89. Rh6+ Kd7 90. Ke3 Rf8 91. Ke4 g4 92. Rg6 Kc6 93. Ke5 g3 94. Ke6 Re8+ 95. Kf7 Rh8 96. Rh6 Ra8 97. Ke7 Kb7 98. d7 Kxc7 99. Rd6 g2 100. Rd1 Rb8 101. Rc1+ Kb7 102. d8=Q Rxd8 103. Kxd8) 84... g4 85. c6 g3 {Jetzt wird es halt Remis, hat der Bediener gedacht.} 86. d5 $2 {[%mdl 32768] Aber oh Schreck: Statt seinen Freibauern in die Bresche zu schlagen, schlittert Weiss mit dem unglücklichen Bauernvorstoss direkt in den Verlust.} (86. c7 Rc1 87. Rc2 Rxc2 88. Kxc2 g2 89. c8=Q g1=Q 90. Qd7+ Kg6 91. Qe8+ Kf5 92. Qe5+ Kg4 93. Qg7+ Kh3 94. Qxg1) 86... Rd1+ 87. Kc4 (87. Rd2 Rc1 88. Rc2 Rxc2 89. Kxc2 Ke7 {und gewinnt}) 87... Rc1+ 88. Kb5 h3 {Die schwarzen Freibauern sind weitaus gefährlicher als die weissen.} 89. Re3 g2 90. Rf3+ Ke7 91. Rg3 h2 92. Rxg2 h1=Q 93. Rg7+ Kf6 94. Rd7 {***AUFGEGEBEN***} 0-1

[Event "Match 72__120'/40"]
[Site "Zurich"]
[Date "2022.??.??"]
[Round "20"]
[White "Mephisto MM II"]
[Black "CXG Sphinx Legend"]
[Result "1/2-1/2"]
[WhiteElo "1815"]
[BlackElo "1816"]
[Annotator "KUT"]
[PlyCount "112"]
[EventDate "2022.??.??"]

{[%evp 0,112,19,38,25,16,75,61,61,23,29,16,16,0,0,0,17,19,19,28,12,0,3,-12,14,26,26,-33,26,0,33,36,34,15,7,9,-1,-45,-46,-134,-121,-144,-155,-161,-164,-142,-148,-142,-151,-161,-133,-152,-125,-150,-123,-122,-116,-130,-128,-145,-130,-117,-117,-117,-122,-115,-84,-84,-3,-3,0,3,2,0,0,-59,-57,-57,-62,-59,-58,-51,-73,-99,-51,-144,-102,-109,-123,-117,-77,-101,-122,-86,-118,-112,-127,-145,-138,-139,-151,-154,-56,-53,-41,-41,-38,-38,0,0,0,0,0,0,0]} 1. e4 e5 {Match 120'/40+60'/20+30' | Bediener: Rolf Bühler | 20. Partie: remis | Zwischenstand: 11-9 (55%) für Mephisto MM II | Gegen die Philidor-Verteidigung wählt Weiss mit 4.Dxd4 die Morphy-Variante des legendären amerikanischen Schachspielers Paul Morphy, 22.06.1837 - 10.07.1984. Allerdings hat Weiss damit kein gutes Händchen und lässt sich mit einem Springereinschlag auf f7 und dem Tausch mehrerer Figuren auf eine ungünstige Abwicklung ein. Aber wie so oft, erweisen sich Stellungen mit ungleichen Materialverhältnissen als zu grosse Hürde, um den Vorteil über die Runden zu bringen. Und da die CXG Sphinx Legend von ihren diversen Gewinnchancen keine Ahnung hat, kann das ungarische Programm von Gyula Horvath diesen Chancen auch nicht nachtrauern und wird mit dem Remis durch ungenügend Material zufrieden sein.} 2. Nf3 d6 3. d4 exd4 4. Qxd4 {***ENDE BUCH***} Bd7 {***ENDE BUCH***} 5. Bd3 {Dazu habe ich keine einzige Partie in meinen Datenbanken gefunden. Üblich sind 5.Sc3 oder 5.Lf4 bzw. 5.Le3, der Lieblingszug der Engines, mit leichtem Plus für Weiss.} (5. Be3 Nf6 6. Nc3 Be7 7. Bc4 Nc6 8. Qd2 Ne5 9. Nxe5 dxe5 10. O-O O-O 11. f4 Bd6 12. f5 Bc6 13. Qe2 h6 14. Rad1 Qe7 15. Bd5 Bxd5 16. Nxd5 Nxd5 17. Rxd5 f6 18. Qg4 c6 19. Rd3 Bc5 20. Qg3 Rad8 21. Rfd1 Rxd3 22. Rxd3 Rd8 23. Bxc5 Qxc5+ 24. Qf2 Qxf2+ 25. Kxf2 Rxd3 26. cxd3 c5 27. g4 Kf8 28. a4 b6 29. Kg3 Kf7 30. Kh4 Kf8 31. Kh5 Kf7 32. b3 $2 (32. h4 $1 $18 {gewinnt}) 32... Kf8 33. Kg6 Kg8 34. h3 Kf8 35. h4 Kg8 36. g5 hxg5 37. hxg5 fxg5 38. Kxg5 Kf7 39. Kh4 Ke7 40. Kg4 Kf6 41. Kh5 a6 42. Kh4 g6 43. a5 bxa5 44. fxg6 Kxg6 45. Kg4 a4 46. bxa4 a5 47. Kf3 Kf6 48. Kf2 Kf7 49. Kg3 Kg7 50. Kf2 Kf6 51. Kg1 $2 {verliert} (51. Ke2 $1 $11) 51... Kg5 $2 52. Kg2 Kf4 53. Kf2 c4 54. dxc4 Kxe4 55. Ke2 Kd4 56. Kf3 Kxc4 57. Ke4 Kb4 58. Kxe5 Kxa4 59. Kd4 Kb3 {0-1 (59) Morphy,P-Loewenthal,J London 1858}) 5... Nc6 6. Qd5 $2 {Das ist einfach schlecht, setzt sich doch die Dame hier dem Entwicklungszug ...Sf6 aus.} (6. Qe3 {ist die beste Wahl}) 6... Nf6 7. Qb3 b6 8. O-O Be7 9. Bf4 O-O {Man sieht, Schwarz ist bereits fertig entwickelt. Weiss hinkt einen Zug hinterher. Zum Glück kann sich Weiss solche Dinge leisten, ohne gerade schon schlecht zu stehen, denn er hat lediglich den Anzugsvorteil verloren.} 10. Nbd2 a5 11. Bc4 Nh5 12. Be3 Nf6 13. Qc3 Re8 14. a4 Nb4 15. Qb3 Rf8 16. Ng5 Qe8 17. c3 Nc6 {Noch ist das Spiel in etwa ausgeglichen.} 18. Ndf3 $6 {Aber das ist wegen der folgenden Antwort nicht gut. Es ist der andere Springer der nach f3 hätte zurückkehren sollen.} h6 $1 {[#] Das ist der Clou und Weiss wird damit vor eine schwierige Wahl gestellt. Geht das Ross nach h3 zurück, was noch am besten ist, folgt ...Lxh3 und Weiss bleibt mit einer geschwächten Bauernstruktur am Königsflügel zurück. Als kleiner Trost hat Schwarz sein Läuferpaar aufgeben müssen.} 19. Nxf7 $2 {Das hingegen muss als entscheidender Fehler bezeichnet werden.} (19. Nh3 Bxh3 20. gxh3 Ne5 21. Nxe5 dxe5 22. Qb5 Nxe4 23. Qxe5 $15 {und Weiss ist mit einem blauen Auge davongekommen.}) 19... Rxf7 20. Bxf7+ Qxf7 21. Qxf7+ Kxf7 {Mit Turm+Bauer gegen Läufer+Springer hat Schwarz materiellen Vorteil und zusätzlich mit seinem Läuferpaar nun eigentlich eine gewonnene Stellung.} 22. Nd2 Ne5 23. Bd4 Nd3 24. c4 c5 ({Stärker ist} 24... Bc6 25. f3 Nd7 $19) 25. Ra3 Nf4 26. Be3 Ne2+ 27. Kh1 Rc8 $2 {Ein völlig widersinniger Zug ohne Zweck und Plan, den sich Schwarz allerdings leisten kann. Im Folgenden gibt es immer wieder leicht bessere Züge für beide Seiten, aber die vielen Feinheiten vermögen unsere Oldies nicht zu erfassen.} 28. h3 ({genauer} 28. f3) 28... Bc6 ({genauer} 28... Nd4) 29. Re1 ({genauer} 29. Nb3 {Feld d4 unter Kontrolle}) 29... Nd4 $1 30. Bxd4 cxd4 31. Rd3 Bxa4 $2 {Spürbar besser, aber viel zu tief, ist} ({Leptir 4-avx2:} 31... Nd7 32. Nf3 (32. Rxd4 Bf6 33. Rxd6 Be7 34. Rd3 Ne5 $19) 32... Ne5 33. Rxd4 Bf6 34. Nd2 Nd7 35. Rxd6 Be7 36. Rd3 Ne5 37. Rg3 Bb4 38. Re2 Rd8 39. f4 Nd3 40. Nb1 Nc1 41. Ree3 Bc5 42. Nc3 Bxe3 43. Rxe3 Rd3 44. Re1 Nb3 45. f5 Nc5 46. Nd5 Bxd5 47. cxd5 Rd4 48. e5 Rxd5 49. b3 Ke7 50. Kh2 Rd3 51. g4 Rxb3 52. h4 Rb4 53. Kg3 Rxa4 54. g5 hxg5 55. hxg5 Re4 56. f6+ Kf7 {[%eval -375,37]}) 32. Rxd4 Bd7 (32... Nd7 $1 $19) 33. Nf3 Ke6 $2 {Ganz schlecht, geht nun doch der ganze schwarze Vorteil in die Binsen.} 34. e5 $1 {Der Mephisto MM II packt seine Chance und verhilft seinen Figuren zur maximalen Aktivität.} dxe5 35. Nxe5 {Die Drohung Sxd7+ zwingt Schwarz zur folgenden Abwicklung.} Bb4 36. Re2 Be8 37. Nd7+ $2 {Weiss greift fehl und verpasst den Ausgleich.} (37. Nc6+ Kf7 38. Nxb4 axb4 39. Re3 {Absicht Tb3 nebst Txb4 usw.} Ba4 40. b3 Be8 41. Kh2 $11 {ausgeglichen}) 37... Kf7 38. Nxb6 Rc6 39. Nd5 Nxd5 40. cxd5 Rc1+ 41. Kh2 Bb5 {Obwohl Weiss einen Bauern hat erobern und das materielle Gleichgewicht wiederherstellen können, steht Schwarz nun besser mit seinem aktiven Läuferpaar.} 42. Re3 $2 {Dieser Fehlgriff sollte wieder zum Partieverlust führen, liegt jedoch weit ausserhalb der Möglichkeiten für beide Parteien, um das zu erkennen.} (42. Re6 $1 Rc2 43. Rf4+ Kg8 44. Rb6 Bd7 45. Rb8+ Kh7 46. Rbxb4 axb4 47. b3 $1 (47. Rxb4 Rxf2 {genügt nicht für den Ausgleich, obwohl die Sache im Kampf unter den beiden Oldies gar nicht klar wäre.}) 47... Rd2 48. f3 Rxd5 49. Rxb4 $17 {und auch diese Stellung würde dem ungarischen Programm im Gewinnsinn mehr als Kopfzerbrechen bereiten.}) 42... Bd6+ $1 43. g3 Rc2 $1 44. Rb3 Rxf2+ $2 {Das macht den Gewinn fraglich.} (44... Bc4 45. Rb7+ Kg8 46. Kg2 Bc5 47. Rb8+ Kh7 48. Rxc4 Rxc4 $19 {und gewinnt}) 45. Kg1 Bc5 $2 {Verpufft den Vorteil fast endgültig.} (45... Rf1+ 46. Kg2 Bb4 $17 {verspricht mehr}) 46. Kxf2 Bxd4+ 47. Kf3 Bf1 48. g4 Ke7 49. Ra3 Bxb2 50. Rxa5 Bxh3 $11 {ausgeglichen} 51. Rb5 Be5 52. Rb1 h5 53. gxh5 Kd6 54. h6 gxh6 55. Rh1 Bf5 56. Rxh6+ Kxd5 {***REMIS MATERIAL***} 1/2-1/2